|
|
|
|
| LEADER |
00886nam a2200241 a 4500 |
| 001 |
11921057 |
| 008 |
100209s2001 maua b 001 0 eng d |
| 010 |
|
|
|a \\\00026721
|
| 020 |
|
|
|a 007232726X
|
| 040 |
|
|
|a DLC
|c DLC
|d DLC
|d BD-DhAAL
|
| 082 |
0 |
0 |
|a 657/.45
|2 21
|
| 100 |
1 |
|
|a Whittington, Ray,
|d 1948-
|
| 245 |
1 |
0 |
|a Principles of auditing and other assurance services /
|c O. Ray Whittington, Kurt Pany.
|
| 250 |
|
|
|a 13th ed.
|
| 260 |
|
|
|a Boston :
|b Irwin/McGraw-Hill,
|c c2001.
|
| 300 |
|
|
|a xvi, 816 p. :
|b ill. ;
|c 24 cm.
|
| 504 |
|
|
|a Includes bibliographical references and index.
|
| 541 |
1 |
|
|e 00009922
|
| 650 |
|
0 |
|a Auditing.
|
| 700 |
1 |
|
|a Pany, Kurt.
|
| 852 |
4 |
|
|a Ayesha Abed Library
|j General Shelf
|
| 999 |
|
|
|c 7403
|d 7403
|
| 952 |
|
|
|0 0
|1 0
|2 ddc
|4 0
|6 657_450000000000000_WHI_2001
|7 0
|9 7919
|a BRACUL
|b BRACUL
|c GEN
|d 2010-02-09
|l 8
|m 29
|o 657.45 WHI
|p 3010009922
|r 2024-05-20
|s 2024-02-05
|t 1
|w 2010-02-09
|y BK
|